000 00720nam a2200289Ia 4500
001 5262
005 20240113233824.0
007 ta
008 050618s1969 a g b000 u eng u
020 _cHB
040 _aCotton College,Assam
041 _aeng
082 _a591.8
_bL 266 C
100 _aLangley, L.L. .
245 0 _aCell Function /
_cL.L. Langley.
_hTextual Documents
250 _a2nd ed. /
260 _aNew York :
_bVan Nostrand Reinhold Company ,
_c1969.
300 _axiii, 364p. :
_bill. ;
_c22cm .
504 _aIndex
653 _aZoology
653 _aCell
653 _aPG-Zoology
653 _aPhisiology-Cell
942 _2ddc
_cBK
999 _c5249
_d5249